000 00303 a2200157 4500
001 160937
020 _a
040 _cMagnum
100 _aMachado, Ana Maria
240 1 0 _aDona baratinha
_lpor
245 1 0 _aDona baratinha
362 0 _a1899
440 1 _aFTD
697 _aI/CONTO
942 _cBK
999 _c160937
_d160937